| 000 | 00694nam a22002297a 4500 | ||
|---|---|---|---|
| 003 | OSt | ||
| 005 | 20251024014004.0 | ||
| 008 | 251010b |||||||| |||| 00| 0 eng d | ||
| 020 | _a0-13-147579-7. | ||
| 040 |
_aDWCL-Main lib _cOC |
||
| 082 | _aCirc. 647.94 C423h 2006 | ||
| 100 | _aCetron, Marvin | ||
| 245 |
_aHospitality 2010 : _bthe future of hospitality and travel. |
||
| 260 |
_aN. J. : _bPearson Educ. Inc., _cc2006. |
||
| 300 |
_axviii, 285 pages ; _c23 cm. |
||
| 504 | _aIncludes bibliographical references and index. | ||
| 650 | _21. Hospitality industry. | ||
| 650 | _22. Tourist trade. | ||
| 700 | _aDe Micco, Fred | ||
| 700 | _aDavies, Owen | ||
| 942 |
_2ddc _cBK-CIRC _kCirc. _n0 |
||
| 999 |
_c4794 _d4794 |
||